00533nam a2200193 a 4500001001300000003000900013005001700022008004100039020001000080082001500090100002900105245002800134260003500162300000900197500003500206505003400241650003500275700002900310nice12345678IN_TiNIC20260116012119.0050524s0000 newa grp 000 0 eng  ac10000a230.7bCAN aCannon, William Ragsdale aTheology of John Wesley aNew YorkbAbingdon Pressc0000 a284p aincludes index and biblioraphy2 aBibliography, Index, Appendix aTheology-Doctrinal-john Wesley1 aCannon, William Ragsdale